La rebelión de los negros
Збережено в:
| Автор: | |
|---|---|
| Формат: | Книга |
| Мова: | Іспанська |
| Опубліковано: |
Buenos Aires
Hobbs - Sudamericana
1965
|
| Редагування: | 1a. ed |
| Серія: | Hombre y Sociedad
|
| Предмети: | |
| Теги: |
Додати тег
Немає тегів, Будьте першим, хто поставить тег для цього запису!
|
MARC
| LEADER | 00000cam a2200000 a 4500 | ||
|---|---|---|---|
| 001 | UCQ0403 | ||
| 003 | CL-VaPUC | ||
| 008 | 980627e19650000AG |||||||||||||||||spa|d | ||
| 082 | 0 | 4 | |a 305.8 |b LOM |2 21 |
| 100 | |a Lomax, Louis E. |e autor |9 413593 | ||
| 245 | 1 | 3 | |a La rebelión de los negros |
| 250 | |a 1a. ed | ||
| 300 | |a 302 p | ||
| 942 | |c BK | ||
| 945 | |d 19980627 00:00:00 |a crobeson | ||
| 260 | |a Buenos Aires |b Hobbs - Sudamericana |c 1965 | ||
| 650 | 7 | |a NEGROS |2 CL-VaPUC |9 340345 | |
| 650 | 0 | |a Conflicto social |9 255404 | |
| 650 | 0 | |a Discriminación racial |9 257054 | |
| 650 | 7 | |a HISTORIA ESTADOS UNIDOS |2 CL-VaPUC |9 410590 | |
| 651 | 0 | |a Estados Unidos |9 255178 | |
| 583 | |a last modification |c 20160704 12:34:42 |k Rodrigo Vera | ||
| 490 | 0 | |a Hombre y Sociedad | |
| 999 | |c 271534 |d 271532 | ||
| 952 | |0 0 |1 0 |4 0 |6 305_800000000000000_LOM_1965 |7 0 |8 A |9 306216 |a BIBENE |b BIBENE |d 2019-11-20 |i 1424688 |o 305.8 LOM 1965 |p 1424688 |r 2025-01-15 |w 2019-11-20 |y BK |k ICO | ||
| 952 | |0 0 |1 0 |3 erb |4 0 |6 305_800000000000000_LOM_1965 |7 0 |8 A |9 306217 |a FDOHBE |b FDOHBE |e Huesbe Llanos, Marco Antonio, 1934- |i 5306485 |o 305.8 LOM 1965 |p 5306485 |r 2024-01-30 |w 2019-11-20 |y BK |z Catalogado en:20160708 |k HBE | ||